Adhesion science (Record no. 594996)

000 -LEADER
fixed length control field 00250nam a22001097a 4500
040 ## - CATALOGING SOURCE
Transcribing agency SCME
100 ## - MAIN ENTRY--PERSONAL NAME
Personal name Comyn ,John
9 (RLIN) 113244
245 ## - TITLE STATEMENT
Title Adhesion science
260 ## - PUBLICATION, DISTRIBUTION, ETC.
Place of publication, distribution, etc. UK
Name of publisher, distributor, etc. The royal society of chemistry
Date of publication, distribution, etc. 1997
300 ## - PHYSICAL DESCRIPTION
Extent 149p.
942 ## - ADDED ENTRY ELEMENTS (KOHA)
Source of classification or shelving scheme
Koha item type Book
Holdings
Withdrawn status Lost status Source of classification or shelving scheme Damaged status Not for loan Permanent Location Current Location Shelving location Date acquired Total Checkouts Full call number Barcode Date last seen Price effective from Koha item type
          School of Chemical & Materials Engineering (SCME) School of Chemical & Materials Engineering (SCME) Book Cart 06/23/2023   541.33 C742A SCME-4839 06/23/2023 06/23/2023 Book
© 2023 Central Library, National University of Sciences and Technology. All Rights Reserved.